Inteligencia sentiente.

Kaydedildi:
Detaylı Bibliyografya
Yazar: Zubiri, Xavier, 1898-1983 (autor)
Diğer Yazarlar: González de Posada, Francisco (edición abreviada)
Materyal Türü: Bilinmiyor
Baskı/Yayın Bilgisi: Madrid, España: Tecnos; Fundación Xavier Zubiri, 2004.
Edisyon:1a.edición.
Konular:
Etiketler: Etiketle
Etiket eklenmemiş, İlk siz ekleyin!

MARC

LEADER 00000 a2200000 4500
003 CL-VaPUC
005 20230308095640.0
008 221206t2004 ||||| |||| 00| 0 eng d
999 |c 439219  |d 439217 
020 |a 978-8430941070 
040 |c Pontificia Universidad Católica de Valparaíso 
082 7 |a 121 ZUB 2004  |2 22 
100 |a Zubiri, Xavier,   |9 867804  |d 1898-1983  |e autor 
245 |a Inteligencia sentiente. 
250 |a 1a.edición.  |b Edición abreviada.  
260 |a Madrid, España:  |b Tecnos;   |b Fundación Xavier Zubiri,  |c 2004. 
583 |k Cristina María Rojas Aguilar  |c 20221206 
650 |a Teoría del conocimiento   |9 879088 
650 |a Inteligencia  |9 267038 
650 0 |a Realidad   |9 266551 
700 |a González de Posada, Francisco  |e edición abreviada  |9 879089 
942 |2 ddc  |c BK 
952 |0 0  |1 0  |2 ddc  |4 0  |6 121_000000000000000_ZUB_2004  |7 0  |8 A  |9 588116  |a BIBTEO  |b BIBTEO  |c GEN  |d 2022-12-05  |e 1  |g 36926.00  |i 5655933  |l 2  |o 121 ZUB 2004  |p 5655933  |r 2025-01-17  |s 2024-11-04  |t 1  |v 36926.00  |w 2022-12-05  |y BK  |k ICR